000
00261nam a22001097a 4500
082
_a
515.9 CHU
100
_a
BROWN JAMES WARD ,CHURCHILL RUEL V
_9
56430
245
_a
COMPLEX VARIABLES AND APPLICTIONS
260
_a
PDF
_b
PDF
_c
1984
300
_a
PDF
942
_c
BK
999
_c
566850
_d
566850